Logo BPK

Biblioteka

Politechniki Koszalińskiej

The Moscow Business Elite : (Rekord nr 47703)

Szczegóły MARC
000 -ETYKIETA REKORDU
podpole kontrolne o stałej długości 00867nam a2200241 i 4500
001 - NUMER KONTROLNY REKORDU
pole kontrolne bgj
020 ## - MIĘDZYNARODOWY ZNORMALIZOWANY NUMER KSIĄŻKI - ISBN
ISBN 0875800963
040 ## - ŹRÓDŁO KATALOGOWANIA
Instytucja, która utworzyła rekord BPK
041 0# - KOD JĘZYKA
Kod języka tekstu eng
920 ## - Międzynarodowy znormalizowany numer książki – ISBN
ISBN 0-87580-096-3
008 - POLE O STAŁEJ DŁUGOŚCI - DANE KONTROLNE
podpole kontrolne o stałej długości s uk f |000 0 eng
100 1# - NAZWA OSOBOWA
Nazwa osobowa RUCKMAN, Jo Ann
Daty związane z nazwą (1938- )
245 10 - TYTUŁ/ODPOWIEDZIALNOŚĆ
Tytuł The Moscow Business Elite :
Ciąg dalszy tytułu a social and cultural portrait of two generations, 1840-1905 /
Pozostałe elementy strefy tytułu i oznaczenia odpowiedzialności Jo Ann Ruckman.
260 ## - STREFA ADRESU WYDAWNICZEGO
Miejsce wydania DeKalb, Il :
Nazwa wydawcy/dystrybutora Nortern Illinois University Press,
Data publikacji, dystrybucji/powstania dokumentu 1984.
300 ## - STREFA OPISU FIZYCZNEGO
Objętość 275 pp ;
Rozmiary 24 cm.
504 ## - UWAGA DOTYCZĄCA BIBLIOGRAFII
Informacje o bibliografii Bibliography p.[253]-264.
505 ## - SFORMALIZOWANA UWAGA DOTYCZĄCA ZAWARTOŚCI
Pełny tekst uwagi Includes index of personal names and subject index.
651 #9 - HASŁO PRZEDMIOTOWE W FORMIE NAZWY GEOGRAFICZNEJ
Nazwa geograficzna Russian S.F.S.R.
Określnik ogólny History
Określnik geograficzny Moscow
Określnik chronologiczny 19th century
651 #9 - HASŁO PRZEDMIOTOWE W FORMIE NAZWY GEOGRAFICZNEJ
Nazwa geograficzna Russian S.F.S.R.
Określnik ogólny History
Określnik geograficzny Moscow
Określnik chronologiczny 19th century
651 #9 - HASŁO PRZEDMIOTOWE W FORMIE NAZWY GEOGRAFICZNEJ
Nazwa geograficzna Russian S.F.S.R.
Określnik ogólny History
Określnik geograficzny Moscow
Określnik chronologiczny 19th century
651 #9 - HASŁO PRZEDMIOTOWE W FORMIE NAZWY GEOGRAFICZNEJ
Nazwa geograficzna Moscow (S.F.S.R.)
Określnik ogólny Social conditions
856 ## - LOKALIZACJA I DOSTĘP DO ELEKTRONICZNYCH DOKUMENTÓW ZDALNYCH
Link (URL) http://koha.tu.koszalin.pl/cgi-bin/koha/opac-detail.pl?biblionumber=47703
Tekst linku Katalog online BPK
942 ## - DODATKOWE ELEMENTY (KOHA)
Typ dokumentu Książka
Egzemplarze
Wycofany Status egzemplarza Uszkodzony Dostępność Lokalizacja stała Lokalizacja bieżąca Miejsce przechowywania Sygnatura Kod kreskowy Typ dokumentu
      Dostępny Biblioteka Politechniki Koszalińskiej Biblioteka Politechniki Koszalińskiej Wypożyczalnia Językowa KA 4252 09084452 Książka
© 2023 Biblioteka Politechniki Koszalińskiej :: KOHA